La otra alternativa / (Record no. 22222)

MARC details
000 -CABECERA
campo de control de longitud fija 00470nam a22001697a 4500
003 - IDENTIFICADOR DEL NÚMERO DE CONTROL
campo de control OSt
005 - FECHA Y HORA DE LA ÚLTIMA TRANSACCIÓN
campo de control 20260601193900.0
008 - DATOS DE LONGITUD FIJA--INFORMACIÓN GENERAL
campo de control de longitud fija 260507b1988 mx |||| |||| 00| 0 spa d
020 ## - NÚMERO INTERNACIONAL ESTÁNDAR DEL LIBRO
Número Internacional Estándar del Libro 9686635173
040 ## - FUENTE DE LA CATALOGACIÓN
Centro catalogador/agencia de origen ICI
Lengua de catalogación spa
Centro/agencia transcriptor ICI
050 ## - SIGNATURA TOPOGRÁFICA DE LA BIBLIOTECA DEL CONGRESO
Número de clasificación PQ7298.28
Número de documento/Ítem O37
100 ## - ENTRADA PRINCIPAL--NOMBRE DE PERSONA
Nombre de persona Rodríguez de Longoria, Josefina
245 #1 - MENCIÓN DE TÍTULO
Título La otra alternativa /
Mención de responsabilidad, etc. Josefina Rodríguez de Longoria
260 ## - PUBLICACIÓN, DISTRIBUCIÓN, ETC.
Lugar de publicación, distribución, etc. Monterrey :
Nombre del editor, distribuidor, etc. Castillo ;
Fecha de publicación, distribución, etc. 1988
300 ## - DESCRIPCIÓN FÍSICA
Extensión 118 páginas
Dimensiones 23cm.
942 ## - ELEMENTOS DE PUNTO DE ACCESO ADICIONAL (KOHA)
Fuente del sistema de clasificación o colocación Library of Congress Classification
Tipo de ítem Koha Libros
Suprimir en OPAC 0
Holdings
Estado de retiro Estado de pérdida Fuente del sistema de clasificación o colocación Estado dañado No para préstamo Localización permanente Ubicación/localización actual Fecha de adquisición Total de préstamos Signatura topográfica completa Código de barras Fecha visto por última vez Número de copia Precio válido a partir de Tipo de ítem Koha
El ejemplar forma parte de la colección y puede ser consultado según las políticas vigentes.   Library of Congress Classification     Biblioteca de Diseño Museo Franz Mayer Biblioteca de Diseño Museo Franz Mayer 07/05/2026   PQ7298.28 O37 BDIMFM000928 07/05/2026 Ej.1 07/05/2026 Libros